| 000 | 00385pab a2200145 454500 | ||
|---|---|---|---|
| 008 | 180718b1998 xxu||||| |||| 00| 0 eng d | ||
| 100 | _aAkram-Lodhi, A. Haroon | ||
| 245 | _aThe agrarian question, past and present (review article) | ||
| 260 | _c1998 | ||
| 300 | _ap.134-49 | ||
| 362 | _aJul | ||
| 650 | _aAgrarian structure | ||
| 773 | _aJournal of Peasant Studies | ||
| 909 | _a38961 | ||
| 999 |
_c38961 _d38961 |
||